100 Lead Singers - Statistics

General Stats
  • This quiz has been taken 116 times
  • The average score is 26 of 100
Answer Stats
Answer % Correct
Queen Freddie Mercury
91%
The Rolling Stones Mick Jagger
86%
Guns N' Roses Axl Rose
85%
Fleetwood Mac Stevie Nicks
80%
The Doors Jim Morrison
78%
Maroon 5 Adam Levine
76%
Black Sabbath/Solo Ozzy Osbourne
76%
Foo Fighters Dave Grohl
75%
Led Zeppelin Robert Plant
71%
Oasis Liam Gallagher
70%
Green Day Billie Joe Armstrong
68%
Pearl Jam Eddie Vedder
68%
Metallica James Hetfield
59%
The Who Roger Daltrey
59%
Radiohead Thom Yorke
59%
Evanescence Amy Lee
54%
Red Hot Chili Peppers Anthony Kiedis
54%
Rush Geddy Lee
52%
Smashing Pumpkins Billy Corgan
51%
The Clash Joe Strummer
49%
Soundgarden/Audioslave Chris Cornell
48%
Pink Floyd Roger Waters
48%
30 Seconds to Mars Jared Leto
47%
Limp Bizkit Fred Durst
46%
Blur/Gorillaz Damon Albarn
43%
Pink Floyd David Gilmour
41%
Nine Inch Nails Trent Reznor
41%
Linkin Park Chester Bennington
39%
Iron Maiden Bruce Dickinson
37%
Alice in Chains Layne Staley
37%
The Killers Brandon Flowers
35%
Rage Against the Machine Zack de la Rocha
35%
Paramore Hayley Williams
34%
Nickelback Chad Kroeger
33%
Slipknot Corey Taylor
33%
Motley Crue Vince Neil
33%
Megadeath Dave Mustaine
32%
System of a Down Serj Tankian
32%
Bush Gavin Rossdale
29%
Panic! At the Disco Brendon Urie
28%
Korn Jonathan Davis
27%
Stone Temple Pilots/Velvet Revolver Scott Weiland
25%
Jethro Tull Ian Anderson
24%
Queens of the Stone Age Josh Homme
24%
The Strokes Julian Casablancas
24%
Deep Purple Ian Gillan
23%
Muse Matt Bellamy
19%
blink-182 Mark Hoppus
18%
Fall Out Boy Patrick Stump
18%
blink-182 Tom DeLonge
18%
Rammstein Till Lindemann
16%
My Chemical Romance Gerard Way
15%
Dead Kennedys Jello Biafra
15%
Primus Les Claypool
15%
Tool/A Perfect Circle Maynard James Keenan
15%
Deftones Chino Moreno
14%
The Offspring Dexter Holland
13%
The Black Keys Dan Auerbach
11%
Slayer Tom Araya
11%
Death Cab for Cutie/The Postal Service Ben Gibbard
10%
Disturbed David Draiman
10%
Papa Roach Jacoby Shaddix
10%
Alice in Chains Jerry Cantrell
10%
NOFX "Fat Mike" Burkett
8%
Sepultura/Soulfly Max Cavalera
8%
Bring Me The Horizon Oli Sykes
8%
Yellowcard Ryan Key
8%
The Pretty Reckless Taylor Momsen
8%
Black Label Society Zakk Wylde
8%
Coheed and Cambria Claudio Sanchez
6%
Bright Eyes Conor Oberst
6%
After Forever/Nightwish Floor Jansen
6%
Sleeping with Sirens Kellin Quinn
6%
Three Days Grace/Saint Asonia Adam Gontier
5%
Motionless in White Chris "Motionless" Cerulli
5%
Dance Gavin Dance (unclean) John Mess
5%
Escape the Fate/Falling in Reverse Ronnie Radke
5%
Rise Against Tim McIlrath
5%
The Distillers Brody Dalle
4%
Vampire Weekend Ezra Koenig
4%
Bad Religion Greg Graffin
4%
Modest Mouse Isaac Brock
4%
Cheap Trick Robin Zander
4%
Tides of Man/Dance Gavin Dance (clean) Tillian Pearson
4%
Black Veil Brides Andy Biersack
3%
The Used Bert McCracken
3%
blessthefall/Escape The Fate Craig Mabbitt
3%
Asking Alexandria Danny Worsnop
3%
Against Me! Laura Jane Grace
3%
Bullet For My Valentine Matthew Tuck
3%
Silverstein Shane Told
3%
Ice Nine Kills Spencer Charnas
3%
Pierce the Veil Vic Fuentes
3%
Attack!Attack!/Of Mice & Men Austin Carlile
1%
A Day to Remember Jeremy McKinnon
1%
Cake John McRea
1%
Jinjer Tatiana Shmailyuk
1%
As I Lay Dying Tim Lambesis
1%
Atreyu Brandon Saller
0%
The Bravery Sam Endicott
0%
No matching quizzes found
Score Distribution
Percent of People with Each Score
Percentile by Number Answered
Your Score History
You have not taken this quiz